000
00225nam a22000857a 4500
008
170103b xxu||||| |||| 00| 0 eng d
100
_9
2247
_a
Dinesh
245
_a
Phsical Solution -XII Vol-I&II
260
_a
New Delhi
_b
S.Dinesh
_c
2011
999
_c
5134
_d
5134